000 00744nam a2200241 i 4500
001 15132
003 ES-MaACL
005 20230906151010.0
007 t|
008 991223s1999 sp ||||1| spa d
020 _a84-89854-61-0
080 _a821.111(73)-32"18"
100 1 _aWharton, Edith (
_d1862-1937)
_9116611
245 1 3 _aLa carta /
_cEdith Wharton ; selección, traducción y epílogo de Teresa Gómez Reus.
250 _a1ª ed.
260 _aBarcelona :
_bEdiciones del Bronce,
_c1999.
300 _a173 p. ;
_c21 cm.
490 1 _aClásicos del Bronce ;
_v15
700 1 _aGómez Reus, Teresa.
_958131
830 0 _aClásicos del Bronce ;
_v15
_9179892
852 _aES-MaACL
_jL-22306
_bR.127784
999 _c15132
_d15132